| 000 | 00505nam a2200193Ia 4500 | ||
|---|---|---|---|
| 005 | 20140407081754.0 | ||
| 008 | 140130s9999 xx 000 0 und d | ||
| 020 | _a0786808063 | ||
| 050 |
_aQL 49 _b.Si617 2001 |
||
| 100 |
_aSinger, Marilyn _931185 |
||
| 245 |
_cSinger, Marilyn _aNeighborhood Animals / |
||
| 260 |
_bScholastic, _c2001. _aNew York : |
||
| 300 |
_a1 v. (unpaged) : _bcol. ill. ; _c16 cm. |
||
| 440 |
_v1 _931174 |
||
| 521 | _aBR | ||
| 526 | _cBR | ||
| 942 |
_cBK _2lcc |
||
| 999 |
_c41852 _d41852 |
||